Country Quiz: Argentina 🇦🇷 - Statistics

General Stats
  • This quiz has been taken 50 times
  • The average score is 22 of 39
Answer Stats
Hint Answer % Correct
Between 1580-1810s, this country colonised Argentina Spain
97%
Time zones 1 (UTC-3)
91%
Language Spanish
91%
Nationality Argentinian
85%
Bordering Seas Argentinian Sea
85%
Lionel Messi
85%
Pope Francis
82%
Between April-June, 1982, Argentina fought this country over the rights of this territory United Kingdom
82%
Che Guevara
79%
Brazil
76%
Chile
76%
Main Religion Christianity
73%
Paraguay
73%
Uruguay
73%
Bordering Oceans Atlantic ocean
70%
Type of Government Presidential / Unitary
70%
In 2001, Argentina saw five different __________ in a 10-day period Presidents
70%
Year of Independence 1816
67%
Famous People from the country 1. Argentina's most acclaimed footballer ever 2. Active football player for Miami; considered one of the greatest of all times 3. The current Pope (2013-) 4. An Argentine Marxist revolutionary leader of the Communist revolution in Cuba 5. The King of Tango 6. One of greatest female tennis players of all time Maradona
64%
Bordering Countries Bolivia
61%
Currency Peso
61%
Second-Largest City Cordoba
58%
Falkland Islands
58%
Argentina is one of seven countries that have maintained territorial claims in this continent Antarctica
55%
Most Famous Leader (1946-55 and 1973-74) Juan Perón
48%
Between 1976-83, Argentina was ruled by a ________ regime Military
48%
Current Leader (2023-) Javier Milei
39%
Founding Father José de San Martín
36%
State-Condition Republic
36%
In 2013, Argentina became the first country to become censured by this international fiscal organisation due to their lack of transparency in providing data on inflation and fiscal growth International Monetary Fund
33%
Gabriela Sabatini
27%
Carlos Gardel
21%
National Sport Pato
21%
Argentina was the first South American country to legalize this type of marriage Same-sex marriage
21%
Climate Temperate
18%
The world’s first ________ feature film was made in Argentina Animated
9%
Main Economic Sector Tertiary / Service
9%
Capital Buenos Aries
6%
Main Export (goods) Corn
0%
No matching quizzes found
Score Distribution
Percent of People with Each Score
Percentile by Number Answered
Your Score History
You have not taken this quiz